Drug addiction; Identification and initial motivation (Record no. 9618)

MARC details
000 -LEADER
fixed length control field 00380nam a22001337a 4500
005 - DATE AND TIME OF LATEST TRANSACTION
control field 20230726121817.0
008 - FIXED-LENGTH DATA ELEMENTS--GENERAL INFORMATION
fixed length control field 230726b |||||||| |||| 00| 0 eng d
040 ## - CATALOGING SOURCE
Transcribing agency ##$aRTC$cRTC
050 ## - LIBRARY OF CONGRESS CALL NUMBER
Classification number 564
245 ## - TITLE STATEMENT
Title Drug addiction; Identification and initial motivation
Remainder of title A field guide for service providers and trainers
260 ## - PUBLICATION, DISTRIBUTION, ETC.
Date of publication, distribution, etc. 2002
300 ## - PHYSICAL DESCRIPTION
Extent 82 p.
Dimensions 28 cm
942 ## - ADDED ENTRY ELEMENTS (KOHA)
Source of classification or shelving scheme Dewey Decimal Classification
Koha item type Main
Holdings
Withdrawn status Lost status Source of classification or shelving scheme Damaged status Not for loan Collection code Home library Current library Shelving location Date acquired Serial Enumeration / chronology Total Checkouts Full call number Barcode Date last seen Price effective from Koha item type
    Dewey Decimal Classification     Main TEST RTC Library RTC Library Main opac 26/07/2023 177555   564 DRU 30018431 26/07/2023 26/07/2023 Main
Royal Thimphu College || All Right Reserved